| 000 | 01492nam a2200361 c 4500 | ||
|---|---|---|---|
| 003 | BLK | ||
| 005 | 20240809182133.0 | ||
| 008 | 180408b bul|||||r ||||||| ||bul|| | ||
| 010 | _aKNG00092707000 | ||
| 020 |
_a978-954-92263-6-2 _bиздат.: Агенция Ню импрес |
||
| 040 | _aBLK | ||
| 041 |
_aBUL _cBUL |
||
| 080 |
_aАмериканска литература (на САЩ) _b821.111(73) _x-322.4 _z821.111(73)-322.4 |
||
| 100 | 1 |
_aСтайн, Робърт Лорънс _eпърви автор _9369934 |
|
| 700 | 1 |
_aЩерева, Елена Методиева _eпрев. _9302989 |
|
| 139 |
_aСтайн, Робърт Лорънс _bС 62 |
||
| 245 | 1 | 0 |
_aНе поглеждай под мивката _bЗабавен трилър за деца _cРобърт Лорънс Стайн; прев. Елена Методиева Щерева. |
| 257 | _aUSA | ||
| 260 |
_аСофия _bАгенция Ню импрес _c2009 _fСофия : Симолини-94 |
||
| 300 |
_a125 с. _c20 см |
||
| 380 | _aDX | ||
| 490 | 1 | _aПоредица Goosebumps | |
| 500 | _aОриг. загл. It Came from Beneath the Sink. - Офс. изд. | ||
| 653 | _aтрилъри | ||
| 653 | _aлитература за деца | ||
| 653 | _aдетска литература | ||
| 852 | _aЦб 246035 | ||
| 856 | 4 |
_qpdf _u |
|
| 856 | 4 |
_qpdf _u |
|
| 942 |
_cKNG _n0 _020 |
||
| 944 |
_aCR _c19.11.2009 _lЛиляна Коева _k30532 |
||
| 944 |
_aED _c19.11.2010 _lф / _k |
||
| 999 |
_c88051 _d88051 |
||